| 000 | 00458cam a2200193ua 4500 | ||
|---|---|---|---|
| 001 | 8151 | ||
| 008 | 150109n ii |||gr||||Z||||||hin | ||
| 040 | _cMAIN | ||
| 041 | _ahin | ||
| 082 | _a891.433 | ||
| 100 |
_aPant, S. N., _eAuthor. |
||
| 245 | 1 |
_aShilpi _cBy Sumitra Nandan Pant |
|
| 250 | _a1st. | ||
| 260 |
_aDelhi: _bRajkamal, _c1940. |
||
| 300 | _a111p. | ||
| 653 | _aEast Indo-European & Celtic literatures | ||
| 653 | _aHindi drama | ||
| 942 | _cBK | ||
| 999 |
_c7266 _d7266 |
||